书目信息

书名: 康乐服务学习手册 
作者: 吴业山 刘哲 编著 ;旅游行业培训教材研发中心 组织编写
出版信息: 北京   旅游教育出版社  2007.1
开本页数: 20.4cm  198页
丛书名: 跟我学饭店服务
单 册:
中图分类: F719.3
科图分类:
主题词: 休闲娱乐--服务业--手册
电子资源:
ISBN: 978-7-5637-1429-2
000 01422nam0 2200373 450
000 01385nam0 2200361 450
000 01316nam0 2200337 450
000 01279nam0 2200325 450
000 01218nam2 2200301 450
001 022007e02703
005 20081112093438.48
010    @a978-7-5637-1429-2@dCNY13.00@z7-5637-1429-2
092    @aCN@b711005434
100    @a20070316d2007 em y0chiy0150 ea
101 @achi
102    @aCN@b110000
105    @aa z 000yy
106    @ar
200 @a康乐服务学习手册@AKang Le Fu Wu Xue Xi Shou Ce@f吴业山, 刘哲编著@FWu Ye Shan , Liu Zhe Bian Zhu@g旅游行业培训教材研发中心组织编写
210    @a北京@c旅游教育出版社@d2007.1
215    @a198页@c插图@d20.4cm
225 @a跟我学饭店服务
320    @a本书末有附录:第194页-197页。
330    @a本书内容涵盖了基础知识、岗位素质、业务技能、操作流程四大主题,每一主题下设若干模块,每一模块下设若干知识点。具有内容简洁,紧扣职业技能鉴定,可操作性强,版式设计活泼等特点。
333    @a读者对象:本书适用于休闲娱乐行业读者。
461  0 @12001 @a跟我学饭店服务
606 @a休闲娱乐@x服务业@j手册
690    @aF719.3@v4
701  0 @a吴业山@AWu Ye Shan@4编著
701  0 @a刘哲@ALiu Zhe@4编著
712 02 @a旅游行业培训教材研发中心@ALu^ You Xing Ye Pei Xun Jiao Cai Yan Fa Zhong Xin@4组织编写
801  0 @aCN@b昆明新知图书城@c20081112
905    @dF719.3@e21
    
    康乐服务学习手册/吴业山, 刘哲编著/旅游行业培训教材研发中心组织编写.-北京:旅游教育出版社,2007.1
    198页:插图;20.4cm.-(跟我学饭店服务)
    使用对象:读者对象:本书适用于休闲娱乐行业读者。
    
    ISBN 978-7-5637-1429-2:CNY13.00
    本书内容涵盖了基础知识、岗位素质、业务技能、操作流程四大主题,每一主题下设若干模块,每一模块下设若干知识点。具有内容简洁,紧扣职业技能鉴定,可操作性强,版式设计活泼等特点。
相关链接 在五车中查询图书 在当当中查询图书 在豆瓣中查询图书


正题名:康乐服务学习手册     索取号:F719.3/21         预约/预借

序号 登录号 条形码 馆藏地/架位号 状态 备注
1 193246   300193246   海科密-1楼/53架5列5层/ [索取号:F719.3/21] 在馆    
2 193247   300193247   海科密-1楼/53架5列5层/ [索取号:F719.3/21] 在馆    
3 193248   300193248   海科密-1楼/53架5列5层/ [索取号:F719.3/21] 在馆    
4 193249   300193249   海科密-1楼/53架5列5层/ [索取号:F719.3/21] 在馆    
5 193250   300193250   海科密-1楼/53架5列5层/ [索取号:F719.3/21] 在馆